| 000 | 00593nam a2200229Ia 4500 | ||
|---|---|---|---|
| 003 | OSt | ||
| 005 | 20221007070904.0 | ||
| 006 | a|||||r|||| 00| 0 | ||
| 007 | ta | ||
| 008 | 221006b |||||||| |||| 00| 0 eng d | ||
| 024 | _a11,926 | ||
| 037 | _cTextual | ||
| 040 |
_aFLL _cFLL _beng |
||
| 041 |
_2eng _aeng |
||
| 082 | _aV2:52.N8, M5 | ||
| 100 |
_aGandhi A.L. _9687897 |
||
| 245 | 0 | _aRight to property | |
| 260 |
_aJodhpur _bScientific Publishers India _c1985 |
||
| 300 |
_a308p _ccm. |
||
| 942 |
_hV2:52.N8, M5 _cTEXL _2CC |
||
| 999 |
_c1141812 _d1141812 |
||